| 000 | 00548ckm a2200181Ia 4500 | ||
|---|---|---|---|
| 040 | _cGPO | ||
| 082 | _a631 U.S 2006? A038 Or. | ||
| 100 | 1 | _aFrary, Michael, | |
| 245 | 1 | 0 | _aIrrigation |
| 260 |
_a[Washington, D.C. : _bU.S. Bureau of Reclamation, _c2006?] |
||
| 300 |
_aElectronic text with graphic : _bHTML file. |
||
| 500 | _aTitle from title screen (viewed on Jan. 29, 2007). | ||
| 500 | _a"Acrylic on masonite, 30" x 40"." | ||
| 650 | 0 | _aIrrigation | |
| 710 | 1 | _aUnited States. | |
| 856 | 4 | 0 | _uhttp://purl.fdlp.gov/GPO/gpo5644 |
| 942 | _cFB | ||
| 999 |
_c11851 _d11851 |
||